A rumor of war / (Record no. 17032)

000 -LEADER
fixed length control field 00531cam a2200181 a 4500
040 ## - CATALOGING SOURCE
Transcribing agency DLC
082 00 - DEWEY DECIMAL CLASSIFICATION NUMBER
Classification number 959 BAL 1994 A087 Or.
100 1# - MAIN ENTRY--AUTHOR NAME
Personal name Caputo, Philip.
245 12 - TITLE STATEMENT
Title A rumor of war /
250 ## - EDITION STATEMENT
Edition statement 1st Ballantine Books trade paperback ed.
260 ## - PUBLICATION, DISTRIBUTION, ETC. (IMPRINT)
Place of publication New York :
Name of publisher Ballantine Books,
Year of publication [1994]
300 ## - PHYSICAL DESCRIPTION
Number of Pages xix, 346 p. :
Other physical details maps ;
Dimensions 24 cm.
500 ## - GENERAL NOTE
General note "March 1994."
500 ## - GENERAL NOTE
General note Originally published: New York : Holt, Rinehart and Winston, 1977.
650 #0 - SUBJECT ADDED ENTRY--TOPICAL TERM
Topical Term Vietnam War, 1961-1975
650 #0 - SUBJECT ADDED ENTRY--TOPICAL TERM
Topical Term Soldiers
942 ## - ADDED ENTRY ELEMENTS (KOHA)
Koha item type សៀវភៅភាសាអង់គ្លេស
952 ## - LOCATION AND ITEM INFORMATION (KOHA)
Withdrawn status [LOCAL, KOHA] 0
Holdings
Permanent Location Date acquired Koha item type Lost status Shelving location Barcode Current Location Full call number
Library Block A2018-07-18សៀវភៅភាសាអង់គ្លេស A087A18140Library Block A959 BAL 1994 A087 Or.
មជ្ឈមណ្ឌលឯការនៃសាកលវិទ្យាល័យភូមិន្ទកសិកម្មចំការដូង

Powered by Koha